| 000 | 00844nam a2200253Ia 4500 | ||
|---|---|---|---|
| 003 | OSt | ||
| 005 | 20220923210957.0 | ||
| 006 | a|||||r|||| 00| 0 | ||
| 007 | ta | ||
| 008 | Pun | ||
| 020 |
_a8130201577 (hbk) _c150 |
||
| 024 | _a280,721 | ||
| 037 |
_b809, 09/03/2014, H.K. Prakashan _cTextual |
||
| 040 |
_aARTS _cARTS _bPun |
||
| 041 |
_2Pun _aPun |
||
| 082 | _aO153(Y15),1x, P8 | ||
| 100 | _aਘੁਗਿਆਣਵੀ, ਨਿੰਦਰ | ||
| 245 | 0 | _aਸਾਡੀਆਂ ਲੋਕ ਗਾਇਕਾਵਾਂ | |
| 260 |
_aਪਟਿਆਲਾ _b ਪੰਜਾਬੀ ਯੂਨੀਵਰਸਿਟੀ _c2008 |
||
| 300 |
_a143ਪੰ _ccm. |
||
| 650 | _aਪੰਜਾਬੀ ਸਾਹਿਤ | ||
| 942 |
_hO153(Y15),1x, P8 _cTEXL _2CC |
||
| 999 |
_c293402 _d293402 |
||